Hobhouse memorial lectures.

Bibliographic Details
Format: Book
Language:English
Published: London : Oxford University Press, 1948-
Subjects:

MARC

Tag First Indicator Second Indicator Subfields
LEADER 00000cam a2200000 4500
001 in00000066552
005 20160106094827.0
008 760224r1948 enk 00000 engm
010 |a  50009027  
035 |a (OCoLC)02010802 
035 |9 AAF9629AM 
040 |a DLC  |c ZIH  |d ZIH  |d TXA  |d UtOrBLW 
049 |a TXAM  |v 2 [211603] 
050 0 |a H35  |b .H62 
092 |a 304  |b H683 
245 0 0 |a Hobhouse memorial lectures. 
264 1 |a London :  |b Oxford University Press,  |c 1948- 
300 |a  volumes ;  |c 22 cm. 
336 |a text  |b txt  |2 rdacontent 
337 |a unmediated  |b n  |2 rdamedia 
338 |a volume  |b nc  |2 rdacarrier 
500 |a Each lecture also published separately as the L. T. Hobhouse memorial trust lecture. 
600 1 0 |a Hobhouse, L. T.  |q (Leonard Trelawny),  |d 1864-1929. 
650 0 |a Social sciences. 
999 |a MARS 
999 f f |s 4bf7c5c7-aa9f-3c07-8b57-a199396f5a68  |i fe25bda0-ebcc-38b8-80b9-e9a09d11c08a  |t 0 
952 f f |p ric  |a Texas A&M University  |b Rellis Campus  |c Joint Library Facility  |d Remote Storage  |t 0  |e H35 H62  |h Library of Congress classification  |i unmediated -- volume  |k v.2  |m A14800645108 
998 f f |a H35 H62  |s v.2  |t 0  |l Remote Storage